Charles Dickens: Oliver Twist : (رقم التسجيلة. 20868)
[ عرض عادي ]
| 000 -الفاتح | |
|---|---|
| حقل البيانات ثابتة الطول | 00538cam a2200193 i 4500 |
| 001 - رقم الضبط | |
| رقم الضبط | ocm52463276 |
| 008 - عناصر البيانات ثابتة الطول - معلومات عامة | |
| حقل البيانات ثابتة الطول | 811019s1981 enk 000 0 eng H |
| 020 ## - الرقم الدولى المعيارى للكتب | |
| الرقم الدولى المعيارى للكتاب | 0582782546 |
| 040 ## - مصدر الفهرسة | |
| وكالة الفهرسة الأصلية | HUA |
| وكالة النسخ | HUA |
| 092 ## - رقم استدعاء ديوى المحلى | |
| رقم التصنيف | 828.1 |
| رقم المادة | D54 C3o2+b |
| 100 1# - المدخل الرئيسى - إسم شخصى | |
| الإسم الشخصى | Brown, Suzanne. |
| 245 10 - بيان العنوان | |
| العنوان | Charles Dickens: Oliver Twist : |
| بقية العنوان | notes / |
| بيان المسئوليه,etc | by Suzanne Brown. |
| 260 ## - PUBLICATION, DISTRIBUTION, ETC. (IMPRINT) | |
| مكان الناشر او الموزع | Harlow : |
| اسم الناشر او الموزع | Longman, |
| تاريخ النشر أو التوزيع | 1981. |
| 300 ## - الوصف المادى | |
| التعداد | 76 p ; |
| أبعاد الوعاء | 21 cm. |
| 490 0# - بيان السلسلة | |
| عنوان السلسلة | York notes ; |
| رقم المجلد/ التعيين التسلسلي | 122. |
| 600 10 - المدخل الاضافى بالموضوع-اسم شخصى | |
| الإسم الشخصى | Dickens, Charles, |
| التواريخ المصاحبة للاسم | 1812-1870. |
| عنوان العمل | Oliver Twist. |
| 997 ## - | |
| -- | oclc |
| 997 ## - | |
| -- | acas |
لا توجد مواد متاحة.
